000 00762nam a2200229Ia 4500
008 191130s2005##################000#0#eng##
020 _a9780521842723
022 _a2004046568
040 _aACL
_cACL
082 _a330.01515642 CAP
100 _aCaputo, Michael Ralph
245 _aFoundations of dynamic economic analysis : optimal control theory and applications
_cMichael R. Caputo
260 _aCambridge
_bCambridge University Press
_c2005
300 _axii, 579 p. : ill. ; 25 cm
500 _aIncludes bibliographical references and index
650 _aControl theory
650 _aEconomics - Mathematical models
650 _aMathematical optimization
990 _a7b1f1ddbac10000c47ef8bab33ca1991
991 _a190324
999 _c263603
_d263603